Movies Quiz

Random Movies or Actor Quiz
Score 0/21 Timer 04:00
0 Plays Today
Actors Movie % Correct
Tim Robbins, Morgan FreemanThe Shawshank Redemption
92.2%
Tom Hanks, Michael Clarke DuncanThe Green Mile
82.3%
Adam Sandler, Chris RockThe Longest Yard
65.6%
Joe Pesci, Marisa TomeiMy Cousin Vinny
64.2%
Steve McQueen, James GarnerThe Great Escape
60.3%
Edward Norton, Edward FurlongAmerican History X
58.5%
Susan Sarandon, Sean PennDead Man Walking
56%
Paul Newman, George KennedyCool Hand Luke
51.4%
Robert DeNiro, Christopher WalkenThe Deer Hunter
49.6%
Clint Eastwood, Patrick McGoohanEscape From Alcatraz
46.8%
George Clooney, John TurturroO Brother, Where Art Thou?
46.8%
Actors Movie % Correct
Nick Nolte, Eddie Murphy48 Hours
46.1%
Liam Neeson, Sir Ben KingsleySchindler's List
41.1%
Catherine Zeta-Jones, Richard GereChicago
38.3%
William Holden, Alec GuinnessThe Bridge On The River Kwai
34.8%
Denzel Washington, Liev SchreiberThe Hurricane
31.2%
Steve McQueen, Dustin HoffmanPapillon
30.5%
Richard Pryor, Gene WilderStir Crazy
26.6%
Burt Lancaster, Karl MaldenBirdman Of Alcatraz
25.9%
Sean Penn, Naomi Watts21 Grams
19.1%
Mel Gibson, Timothy SpallChicken Run
5.3%

You're not logged in!

Compare scores with friends on all Sporcle quizzes.
OR
Log In

Sporcle TV

Today on Sporcle TV


Watch our educational content, quiz creation guides, and fun videos on Sporcle TV.

Show Comments

Extras

Created Sep 29, 2009ReportNominate
Tags:Actor Quiz, prison

Top Quizzes Today


Score Distribution

Paid Content

Your Account Isn't Verified!

In order to create a playlist on Sporcle, you need to verify the email address you used during registration. Go to your Sporcle Settings to finish the process.

Report this User

Report this user for behavior that violates our Community Guidelines.

Details: